| 000 | 00577 a2200169 4500 | ||
|---|---|---|---|
| 999 |
_c6829 _d6829 |
||
| 020 | _a9781509817641 | ||
| 050 | _aE 877.3 O'RE 2015 | ||
| 100 |
_aO'Reilly, Bill _eauthor |
||
| 245 |
_aKilling reagan : _bthe violent assault that changed a presidency _cBill O'Reilly & Martin Dugard |
||
| 264 |
_aLondon : _bMacmillan _c2015 |
||
| 300 |
_a306p. : _bill. |
||
| 500 | _aIncludes Index | ||
| 650 |
_aReagan, Ronald -- Assassination attempt _xUnited States |
||
| 650 | _aPolitics and government | ||
| 700 |
_aDugard, Martin _eauthor |
||
| 942 |
_2lcc _cBK _hE877.3 _iO"RE _kE |
||